Giáo trình bảng tính điện tử Excel 2000 (Dùng trong các trường THCN)
Trình bày các thao tác cơ bản trên bảng tính điện tử Excel cụ thể về: định dạng bảng tính, tính toán - các hàm cơ bản, xử lí dữ liệu trên bảng tính, biểu đồ - hình ảnh - in bảng tính
Spremljeno u:
| Glavni autor: | |
|---|---|
| Format: | Knjiga |
| Jezik: | Undetermined |
| Izdano: |
Hà Nội
Nhà xuất bản Hà Nội
2008
|
| Teme: | |
| Oznake: |
Dodaj oznaku
Bez oznaka, Budi prvi tko označuje ovaj zapis!
|
| Thư viện lưu trữ: | Trung tâm Học liệu Trường Đại học Cần Thơ |
|---|
| LEADER | 00956nam a2200217Ia 4500 | ||
|---|---|---|---|
| 001 | CTU_142695 | ||
| 008 | 210402s9999 xx 000 0 und d | ||
| 020 | |c 20000 | ||
| 082 | |a 005.369 | ||
| 082 | |b Th116 | ||
| 100 | |a Phạm, Đức Thắng | ||
| 245 | 0 | |a Giáo trình bảng tính điện tử Excel 2000 | |
| 245 | 0 | |b (Dùng trong các trường THCN) | |
| 245 | 0 | |c Phạm Đức Thắng | |
| 260 | |a Hà Nội | ||
| 260 | |b Nhà xuất bản Hà Nội | ||
| 260 | |c 2008 | ||
| 520 | |a Trình bày các thao tác cơ bản trên bảng tính điện tử Excel cụ thể về: định dạng bảng tính, tính toán - các hàm cơ bản, xử lí dữ liệu trên bảng tính, biểu đồ - hình ảnh - in bảng tính | ||
| 650 | |a Microsoft Excel (Computer file),Phần mềm Excel | ||
| 904 | |i Nguyên | ||
| 980 | |a Trung tâm Học liệu Trường Đại học Cần Thơ | ||